Az ellenállás szegedi hőse
Elmentve itt :
| Szerző: | |
|---|---|
| Dokumentumtípus: | Cikk |
| Megjelent: |
1969-12-25
|
| Sorozat: | Délmagyarország
59 No. 299 |
| Kulcsszavak: | Sipos László, Magyarország története 1944, megemlékezések |
| Online Access: | http://dmarchiv.bibl.u-szeged.hu/63009 |
| LEADER | 00504nab a2200157 i 4500 | ||
|---|---|---|---|
| 001 | delm63009 | ||
| 005 | 20180927151247.0 | ||
| 008 | 180927s1969 hu o 0|| hun d | ||
| 040 | |a SZTE Délmagyarország Archívum |b hun | ||
| 041 | |a hun | ||
| 100 | 1 | |a Péter László, | |
| 245 | 1 | 3 | |a Az ellenállás szegedi hőse |h [elektronikus dokumentum] / |c Péter László, |
| 260 | |c 1969-12-25 | ||
| 300 | |a 11 | ||
| 490 | 0 | |a Délmagyarország |v 59 No. 299 | |
| 695 | |a Sipos László, Magyarország története 1944, megemlékezések | ||